Fundamentals of Programming : An Introduction to Computer Programming Using C++ /

Uloženo v:
Podrobná bibliografie
Hlavní autor: Halterman, Richard
Médium: Sách giấy
Jazyk:English
Vydáno: Dubuque, Iowa : Wm. C. Brown, 1995
Tagy: Přidat tag
Žádné tagy, Buďte první, kdo otaguje tento záznam!
Thư viện lưu trữ: Thư viện Trường Đại học Đà Lạt
LEADER 00624nam a2200241 4500
001 DLU020000899
005 ##1/7/1999
020 # # |a 0-697-25110-1 
041 # # |a eng 
082 # # |a 005.133  |b HA-R 
100 # # |a Halterman, Richard 
245 # # |a Fundamentals of Programming :  |b An Introduction to Computer Programming Using C++ /  |c Richard Halterman  
260 # # |a Dubuque, Iowa :  |b Wm. C. Brown,  |c 1995 
300 # # |a X, 421 tr.;  |c 27 cm. 
992 # # |a 184500 
994 # # |a DLU 
900 # # |a False 
911 # # |a Administrator 
925 # # |a G 
926 # # |a A 
927 # # |a SH 
980 # # |a Thư viện Trường Đại học Đà Lạt